000 00725nam a2200253Ia 4500
003 OSt
005 20220925214532.0
006 a|||||r|||| 00| 0
007 ta
008 220923b |||||||| |||| 00| 0 eng d
020 _a1 85898 8918
037 _cGeneral Book
040 _aRTL
_cRTL
_beng
041 _2eng
_aeng
082 _aX991, P4
100 _aReinert Frik
_9280546
245 0 _aGlobalization, economic development and inequality
260 _aLondon
_bEdward Elgar
_c2004
300 _aviii, 339p
_ccm.
490 _aNew Horizons in Institutional and Evolutionary Economics
650 _aGlobalization
942 _hX991, P4
_cGB
_2CC
999 _c565674
_d565674